پا کستان کیوں ٹوٹا (Record no. 549940)

000 -LEADER
fixed length control field 00579cam a2200181 a 4500
020 ## - INTERNATIONAL STANDARD BOOK NUMBER
International Standard Book Number 9789699532009
082 ## - DEWEY DECIMAL CLASSIFICATION NUMBER
Classification number 954.9105
Author Mark SAF
-- L-30-11, P-183
100 1# - MAIN ENTRY--PERSONAL NAME
Personal name Safdar Mahmood
9 (RLIN) 9778
245 10 - TITLE STATEMENT
Title پا کستان کیوں ٹوٹا
Statement of responsibility, etc. Safdar Mahmood
260 ## - PUBLICATION, DISTRIBUTION, ETC.
Place of publication, distribution, etc. Lahore :
Name of publisher, distributor, etc. Constellation Plus,
Date of publication, distribution, etc. [2011?]
300 ## - PHYSICAL DESCRIPTION
Extent xiii, 123 p. :
Other physical details col. ill. ;
Dimensions 31 cm.
526 ## - STUDY PROGRAM INFORMATION NOTE
Program name 0
Interest level 0
Reading level 0
Title point value 954_910500000000000_SAF
650 #0 - SUBJECT ADDED ENTRY--TOPICAL TERM
Topical term or geographic name entry element Church architecture
Geographic subdivision Pakistan
9 (RLIN) 21039
650 #0 - SUBJECT ADDED ENTRY--TOPICAL TERM
Topical term or geographic name entry element Churches
Geographic subdivision Pakistan
9 (RLIN) 21040
650 #0 - SUBJECT ADDED ENTRY--TOPICAL TERM
Topical term or geographic name entry element MCE
9 (RLIN) 379
700 1# - ADDED ENTRY--PERSONAL NAME
Personal name Kazi, Syed Javaid A.
9 (RLIN) 6457
942 ## - ADDED ENTRY ELEMENTS (KOHA)
Source of classification or shelving scheme
Koha item type Book
Holdings
Withdrawn status Lost status Source of classification or shelving scheme Damaged status Not for loan Permanent Location Current Location Date acquired Total Checkouts Full call number Barcode Date last seen Price effective from Koha item type
          Military College of Engineering (MCE) Military College of Engineering (MCE) 10/16/2014   954.9105 SAF MCE-25169 10/16/2014 10/16/2014 Book
© 2023 Central Library, National University of Sciences and Technology. All Rights Reserved.